Systémové zpracování dat na počítači

Gespeichert in:
Bibliographische Detailangaben
1. Verfasser: Vlček, Jaroslav (Verfasst von)
Format: Buch
Sprache:Tschechisch
Veröffentlicht: Praha : SNTL, 1972
Ausgabe:1. vyd.
Schlagworte:
Tags: Tag hinzufügen
Keine Tags, Fügen Sie das erste Tag hinzu!

MARC

LEADER 00000nam a22000003a 4500
001 stu53812
005 20150617225700.2
008 000601s1972------------------------cze-d
040 |a STU  |b slo 
041 0 |a cze 
080 |a 681.3.01 
080 |a 65.011.56 
080 |a 004.42 
100 1 |a Vlček, Jaroslav  |4 aut 
245 1 |a Systémové zpracování dat na počítači 
250 |a 1. vyd. 
260 |a Praha :  |b SNTL,  |c 1972 
300 |a 214 s  |c 1 príl. 
650 7 |a programovanie  |2 stusub 
996 |b 284J016453  |c J*32127  |l JJSK  |s A  |a 24  |w stu53812_0001 
996 |b 284EK05773  |c E*29628  |l EE01  |s A  |a 24  |w stu53812_0002